Relación de las cosas de Yucatán

Wedi'i Gadw mewn:
Manylion Llyfryddiaeth
Prif Awdur: Landa, Diego de (Awdur)
Fformat: Llyfr
Iaith:Sbaeneg
Cyhoeddwyd: Mérida Dante 1938
Pynciau:
Tagiau: Ychwanegu Tag
Dim Tagiau, Byddwch y cyntaf i dagio'r cofnod hwn!

MARC

LEADER 00000cam a2200000 a 4500
001 UCG9793
003 CL-VaPUC
008 120330e19380000MX |||||||||||||||||spa|d
020 |a 9687232293 
082 0 4 |a 972.01  |b LAN  |2 21 
100 0 |a Landa, Diego de  |e author  |9 561482 
245 1 0 |a Relación de las cosas de Yucatán 
300 |a 153 p 
942 |c BK 
945 |d 20120330 00:00:00  |a dcastane 
260 |a Mérida  |b Dante  |c 1938 
650 0 |a Historia de México  |9 321806 
650 0 |a Historia antigua  |9 267521 
583 |a last modification  |c 20120330 10:33:00  |k Rodrigo Vera 
999 |c 347336  |d 347334 
952 |0 0  |1 0  |4 0  |6 972_010000000000000_LAN_1938  |7 0  |8 A  |9 448594  |a BIBHIS  |b BIBHIS  |d 2019-11-22  |i 4794745  |o 972.01 LAN 1938  |p 4794745  |r 2025-01-20  |w 2019-11-22  |y BK  |k HIS